000 00370nam a2200157Ia 4500
008 230917s9999||||xx |||||||||||||| ||und||
040 _e75650
_aMAIN
041 _aEnglish
082 _a658.4 G552M
100 _aGoel, S L
245 0 _aModern management techniques
250 _a2nd ed.
260 _aNew Delhi
_bDeep & Deep
_c1990
300 _a662 p.
942 _cBK
999 _c70608
_d70608